Estatísticas para Cultura Geral

Clique aqui para jogar o quiz

Estatísticas Gerais

  • Esse quiz foi jogado 18 vezes
  • A pontuação média é 7 de 15

Estatísticas das Respostas

HintResposta% Correto
Qual é a língua oficial do Barhain?Árabe
88%
A que país pertence a marca Ferrari?Itália
81%
Qual é o museu de arte mais visitado do mundo?Louvre
75%
De que país a Guiné-Bissau foi colónia?Portugal
69%
Qual cidade mediterrânea é famosa pelo seu festival de cinema?Cannes
63%
Qual região francesa foi o local dos desembarques do Dia D durante a Segunda Guerra Mundial?Normandia
56%
Que cidade francesa foi chamada de "capital mundial do vinho"?Bordeaux
44%
Qual é a maior cidade da Riviera Francesa?Nice
44%
Qual é a capital da Letónia?Riga
44%
Que compositor morreu em Viena aos 35 anos?Mozart
31%
Como se chama a cantora pop inglesa que canta "New Rules", cujos pais emigraram do Kosovo pouco antes de seu nascimento?Dua Lipa
19%
Que país tem como capital Malabo?Guiné Equatorial
19%
Que modelo nascida na Eslovénia tornou - se a primeira-dama dos EUA?Melania
13%
Que ex-rainha francesa foi decapitada?Marie Antoinette
6%
Que músico acreditava que podia voar?R. Kelly
0%

Distribuição das Pontuações

Percentil de Números Respondidos

Porcentagem de Pessoas com Cada Pontuação

Sua Pontuação Histórica

Você não jogou esse quiz